De las experiencias de control social /
Պահպանված է:
| Հիմնական հեղինակ: | |
|---|---|
| Ձևաչափ: | Տեքստ |
| Խորագրեր: | |
| Ցուցիչներ: |
Ավելացրեք ցուցիչ
Չկան պիտակներ, Եղեք առաջինը, ով նշում է այս գրառումը!
|
MARC
| LEADER | 00000 a a2200000 04500 | ||
|---|---|---|---|
| 001 | 44230 | ||
| 003 | |||
| 040 | |||
| 100 | |a Brunner, Joaquín | ||
| 245 | |a De las experiencias de control social / |c Joaquín Brunner | ||
| 650 | |a CONTROL SOCIAL | ||
| 650 | |a INDIVIDUOS | ||
| 773 | |g volumen40 ( , 1978), Páginas 233-251 | ||
| 999 | |c 29606 |d 29606 | ||
